| 000 | 00000nam##2200000za#4500 |
| 001 | 9.602251 |
| 003 | CaOODSP |
| 005 | 20220328113245 |
| 007 | cr ||||||||||| |
| 008 | 150406|1995||||xxc|||||o f|0| 0 fre|d |
| 040 | |aCaOODSP|bfre |
| 043 | |an-cn--- |
| 086 | 1 |aC2-280/3-1995F-PDF |
| 110 | 1 |aCanada. |bIndustrie Canada. |
| 245 | 10|aExigences relatives au lieu de résidence|h[ressource électronique] |
| 260 | |aOttawa - Ontario : |bIndustrie Canada |cAoût 1995. |
| 300 | |a86p.|bgraphique, références, tableaux |
| 490 | 1 |aLa Loi canadienne sur les sociétés par actions |
| 500 | |aSommaire: Introduction.--Exigences relatives à la résidence.--Résidence des administrateurs (articles 105(3), 114(3), 115(2)).--Lieu de conservation des livres de la société (art. 20).--Siège social (art. 19).--Lieu des assemblées d'actionnaire (art. 132). |
| 590 | |a11-24-Supp|b2011-10-24 |
| 691 | 07|aSociétés|2gcpds |
| 775 | 08|tDirectors' and other corporate residency issues|w(CaOODSP)9.571829 |
| 776 | 0#|tExigences relatives au lieu de résidence|w(CaOODSP)9.623501 |
| 830 | #0|aLa Loi canadienne sur les sociétés par actions.|w(CaOODSP)9.502894 |
| 856 | 40|ahttp://publications.gc.ca|qPDF|s451 Ko|uhttps://publications.gc.ca/collections/Collection/C2-280-3-1995F.pdf |